[Event "Titled Tuesday intern op 02nd Apr Early"]
[Site "Chess.com INT"]
[Date "2024.04.02"]
[Round "4"]
[White "Feliz Dotel, Dewar Bienvenido"]
[Black "Kornyukov, Alexey"]
[Result "0-1"]
[WhiteElo "2032"]
[BlackElo "2452"]
[PlyCount "100"]
[EventDate "2024.04.02"]
[EventType "swiss (blitz)"]
[EventRounds "11"]
[EventCountry "USA"]
[SourceTitle "CB15_2024"]
[SourceDate "2024.04.10"]
[SourceVersion "1"]
[SourceVersionDate "2024.04.10"]
[SourceQuality "1"]

1. c4 e5 2. Nc3 Nf6 3. g3 Nc6 4. Bg2 Bb4 5. Nd5 0-0 6. Nxb4 Nxb4 7. d4 exd4 8. a3 Nc6 9. Nf3 d5 10. Nxd4 Nxd4 11. Qxd4 dxc4 12. Qxc4 Be6 13. Qc2 c6 14. 0-0 Bd5 15. Rd1 Qe7 16. Bg5 Bxg2 17. Kxg2 Qe4+ 18. Qxe4 Nxe4 19. Be3 b6 20. Rd7 Rfd8 21. Rad1 Rxd7 22. Rxd7 Nf6 23. Rc7 c5 24. Bg5 Nd5 25. Rd7 Nf6 26. Bxf6 gxf6 27. e4 Kf8 28. f4 Ke8 29. Rd5 Rd8 30. Kf3 Rxd5 31. exd5 f5 32. h3 Kd7 33. g4 Kd6 34. Kg3 fxg4 35. Kxg4 Kxd5 36. Kf5 b5 37. h4 a5 38. h5 b4 39. Kf6 c4 40. Kxf7 c3 41. bxc3 bxc3 42. Kg7 c2 43. Kxh7 c1Q 44. h6 Qxf4 45. a4 Qxa4 46. Kh8 Qd4+ 47. Kg8 Qg4+ 48. Kh8 a4 49. h7 Qd4+ 50. Kg8 a3 0-1

[Event "Titled Tuesday intern op 02nd Apr Late"]
[Site "Chess.com INT"]
[Date "2024.04.02"]
[Round "1"]
[White "Kornyukov, Alexey"]
[Black "Ambartsumova, Karina"]
[Result "0-1"]
[WhiteElo "2452"]
[BlackElo "2406"]
[PlyCount "174"]
[EventDate "2024.04.02"]
[EventType "swiss (blitz)"]
[EventRounds "11"]
[EventCountry "USA"]
[SourceTitle "CB15_2024"]
[SourceDate "2024.04.10"]
[SourceVersion "1"]
[SourceVersionDate "2024.04.10"]
[SourceQuality "1"]

1. d4 Nf6 2. c4 e6 3. Nc3 d5 4. cxd5 exd5 5. Bg5 c6 6. e3 Be7 7. Bd3 Nbd7 8. h3 0-0 9. Qc2 Re8 10. Nf3 Ne4 11. Bxe4 dxe4 12. Bxe7 Qxe7 13. Nd2 Nf6 14. 0-0 Bf5 15. Rfc1 Qe6 16. Kh2 Rad8 17. Ne2 Nd5 18. a3 h5 19. Nc4 h4 20. b4 a6 21. Rab1 Qe7 22. Rb3 Qc7+ 23. Kg1 Re6 24. Ne5 f6 25. Nc4 g5 26. a4 Kh7 27. b5 axb5 28. axb5 g4 29. bxc6 bxc6 30. Qb2 Qg7 31. Rb7 Re7 32. Rxe7 Nxe7 33. hxg4 Bxg4 34. Nf4 Rg8 35. Kf1 h3 36. gxh3 Bf3 37. Ke1 Qg1+ 38. Kd2 Qxf2+ 39. Kc3 Qh4 40. Qb7 f5 41. Qd7 Qf6 42. Ne5 Rg7 43. Rb1 Nd5+ 44. Nxd5 cxd5 45. Qc6 Qxc6+ 46. Nxc6 Rc7 47. Rb6 Kg6 48. Kd2 Kg5 49. Ne5 Rh7 50. Rg6+ Kh4 51. Nxf3+ exf3 52. Ke1 Kxh3 53. Kf2 Kh4 54. Kxf3 Rd7 55. Kf4 Kh5 56. Rg5+ Kh6 57. Rxf5 Kg6 58. Rf8 Kg7 59. Rf5 Kg6 60. Re5 Kf6 61. Rf5+ Ke6 62. Rh5 Rf7+ 63. Kg4 Kd6 64. Rh6+ Kd7 65. Kg5 Rf8 66. Kg4 Rf7 67. Rg6 Rf8 68. Kg3 Rf7 69. Rg4 Kd6 70. Rf4 Rg7+ 71. Kf3 Re7 72. Rh4 Rf7+ 73. Ke2 Ra7 74. Rh6+ Kc7 75. Kf3 Ra8 76. Rh7+ Kd6 77. Rh6+ Kd7 78. Kf4 Re8 79. Rf6 Re4+ 80. Kf3 Re7 81. Ra6 Re8 82. Ke2 Re4 83. Kd3 Re8 84. Kc3 Rxe3+ 85. Kb4 Re1 86. Kc5 Rh1 87. Ra7+ Kd8 0-1

[Event "Titled Tuesday intern op 02nd Apr Early"]
[Site "Chess.com INT"]
[Date "2024.04.02"]
[Round "1"]
[White "Kornyukov, Alexey"]
[Black "Asylov, Miras"]
[Result "0-1"]
[WhiteElo "2452"]
[BlackElo "2342"]
[PlyCount "72"]
[EventDate "2024.04.02"]
[EventType "swiss (blitz)"]
[EventRounds "11"]
[EventCountry "USA"]
[SourceTitle "CB15_2024"]
[SourceDate "2024.04.10"]
[SourceVersion "1"]
[SourceVersionDate "2024.04.10"]
[SourceQuality "1"]

1. e4 c5 2. Nf3 e6 3. c3 Nf6 4. e5 Nd5 5. d4 cxd4 6. cxd4 d6 7. Bb5+ Bd7 8. Bxd7+ Qxd7 9. 0-0 Nc6 10. Nc3 Nxc3 11. bxc3 dxe5 12. dxe5 Qxd1 13. Rxd1 Bc5 14. Rb1 b6 15. Be3 Bxe3 16. fxe3 Ke7 17. Rb5 Rhd8 18. Nd4 Rac8 19. Nxc6+ Rxc6 20. Rxd8 Kxd8 21. Rb3 Rc5 22. Kf2 Rxe5 23. Ra3 a5 24. Rb3 Kc7 25. Kf3 Rf5+ 26. Ke2 Rh5 27. h3 Rg5 28. g4 h5 29. Kf3 hxg4+ 30. hxg4 Rc5 31. Kf4 Rc4+ 32. e4 Kc6 33. Ke3 a4 34. Ra3 Kd6 35. Kd3 b5 36. Ke3 Ke5 0-1

[Event "Titled Tuesday intern op 27th Feb Late"]
[Site "Chess.com INT"]
[Date "2024.02.27"]
[Round "2"]
[White "Dziewonski, Dariusz"]
[Black "Kornyukov, Alexey"]
[Result "1-0"]
[WhiteElo "2316"]
[BlackElo "2452"]
[PlyCount "117"]
[EventDate "2024.02.27"]
[EventType "swiss (blitz)"]
[EventRounds "11"]
[EventCountry "USA"]
[SourceTitle "CB10_2024"]
[SourceDate "2024.03.06"]
[SourceVersion "1"]
[SourceVersionDate "2024.03.06"]
[SourceQuality "1"]

1. e4 c5 2. Nf3 Nc6 3. Nc3 e5 4. Bc4 d6 5. d3 Be7 6. Nd2 Bg5 7. Nf1 Bxc1 8. Qxc1 Nge7 9. Ne3 0-0 10. 0-0 Be6 11. Ncd5 Nd4 12. c3 Ne2+ 13. Kh1 Nxc1 14. Raxc1 Nxd5 15. exd5 Bd7 16. d4 cxd4 17. cxd4 exd4 18. Nc2 Qb6 19. Bb3 Bf5 20. Na3 Rac8 21. Nc4 Qc5 22. Rcd1 Rfe8 23. Nd2 Bd3 24. Rg1 b5 25. Nf3 Be2 26. Rd2 Bxf3 27. gxf3 g6 28. f4 a5 29. f5 Kg7 30. fxg6 hxg6 31. a3 a4 32. Ba2 Re5 33. f4 Rf5 34. Rdg2 Rxf4 35. Rg3 Re8 36. Rg5 Re3 37. Bb1 Qxd5+ 38. Rxd5 Re2 39. Bd3 Rd2 40. Bf1 Rxb2 41. Bg2 b4 42. axb4 a3 43. Rxd6 a2 44. Ra6 Rff2 45. Ra7 Rxb4 46. Be4 Rbb2 47. Rxg6+ Kf8 48. Rg3 Rb1+ 49. Rg1 Rbb2 50. Ra1 Rxh2+ 51. Kg1 Rhe2 52. Bd3 Red2 53. Be4 Re2 54. Bd3 Rg2+ 55. Kf1 Rh2 56. Kg1 Rbg2+ 57. Kf1 Rd2 58. Kg1 Rh6 59. Bc4 1-0

[Event "Titled Tuesday intern op 27th Feb Late"]
[Site "Chess.com INT"]
[Date "2024.02.27"]
[Round "6"]
[White "Kornyukov, Alexey"]
[Black "Dovzik, Juri"]
[Result "1-0"]
[WhiteElo "2452"]
[BlackElo "2235"]
[PlyCount "53"]
[EventDate "2024.02.27"]
[EventType "swiss (blitz)"]
[EventRounds "11"]
[EventCountry "USA"]
[SourceTitle "CB10_2024"]
[SourceDate "2024.03.06"]
[SourceVersion "1"]
[SourceVersionDate "2024.03.06"]
[SourceQuality "1"]

1. d4 Nf6 2. c4 e6 3. Nc3 Bb4 4. f3 d5 5. a3 Bxc3+ 6. bxc3 0-0 7. e3 b6 8. cxd5 exd5 9. Bd3 c5 10. Ne2 Ba6 11. 0-0 Re8 12. Ng3 Bxd3 13. Qxd3 Nc6 14. Bb2 Na5 15. Rae1 Re6 16. e4 cxd4 17. cxd4 Qd7 18. e5 Ne8 19. f4 Rc6 20. f5 Rac8 21. e6 fxe6 22. fxe6 Rxe6 23. Qf5 Nc7 24. Bc3 g6 25. Qg4 Nc4 26. Nh5 Qe7 27. Bb4 1-0

[Event "Titled Tuesday intern op 06th Feb Early"]
[Site "Chess.com INT"]
[Date "2024.02.06"]
[Round "11"]
[White "Kniazev, Igor"]
[Black "Kornyukov, Alexey"]
[Result "0-1"]
[WhiteElo "2036"]
[BlackElo "2452"]
[PlyCount "146"]
[EventDate "2024.02.06"]
[EventType "swiss (blitz)"]
[EventRounds "11"]
[EventCountry "USA"]
[SourceTitle "CB07_2024"]
[SourceDate "2024.02.14"]
[SourceVersion "1"]
[SourceVersionDate "2024.02.14"]
[SourceQuality "1"]

1. e4 c5 2. f4 d5 3. exd5 Nf6 4. Nf3 Nxd5 5. Bc4 e6 6. 0-0 Be7 7. d3 0-0 8. Nc3 Nc6 9. Ne4 Nb6 10. Bb3 a5 11. a3 a4 12. Ba2 Nd4 13. Be3 Nf5 14. Bf2 Qc7 15. c3 Bd7 16. g4 Nd6 17. Nxc5 Bc6 18. Bxe6 fxe6 19. Nxe6 Qd7 20. Nxf8 Qxg4+ 21. Bg3 Nf5 22. Qe2 Nxg3 23. hxg3 Qxg3+ 24. Qg2 Qxg2+ 25. Kxg2 Rxf8 26. Kg3 Nd5 27. Ne5 Bd6 28. d4 Ne3 29. Rf2 Nf5+ 30. Kg4 Bxe5 31. dxe5 Ne3+ 32. Kg3 h5 33. Re1 Nf5+ 34. Kh2 Rd8 35. e6 Kf8 36. Re5 g6 37. Rfe2 Ke7 38. Re1 Rd3 39. R1e2 Rd6 40. Kg1 Rd1+ 41. Kf2 Rh1 42. Re1 Rxe1 43. Rxe1 Bd5 44. Rg1 Kf6 45. e7 Nxe7 46. Rd1 Bc6 47. Rd4 Nf5 48. Rb4 h4 49. b3 axb3 50. Rxb3 h3 51. Kg1 Kg7 52. Rb2 Kh6 53. Rh2 Bg2 54. a4 Ne3 55. a5 Ng4 56. Rxg2 hxg2 57. c4 Ne3 58. Kf2 Nxc4 59. Kxg2 Nxa5 60. Kf3 Kg7 61. Kg4 Kf6 62. f5 gxf5+ 63. Kf4 b5 64. Ke3 b4 65. Kd3 b3 66. Kc3 f4 67. Kb2 f3 68. Kc1 f2 69. Kd2 f1Q 70. Kc3 Qc4+ 71. Kb2 Qc2+ 72. Ka3 Qc5+ 73. Ka4 Qc6+ 0-1

[Event "Titled Tuesday intern op 06th Feb Early"]
[Site "Chess.com INT"]
[Date "2024.02.06"]
[Round "4"]
[White "Kornyukov, Alexey"]
[Black "Abel Mathewos, Tilahun"]
[Result "1-0"]
[WhiteElo "2452"]
[BlackElo "1953"]
[PlyCount "99"]
[EventDate "2024.02.06"]
[EventType "swiss (blitz)"]
[EventRounds "11"]
[EventCountry "USA"]
[SourceTitle "CB07_2024"]
[SourceDate "2024.02.14"]
[SourceVersion "1"]
[SourceVersionDate "2024.02.14"]
[SourceQuality "1"]

1. e4 e6 2. d4 d5 3. Nc3 dxe4 4. Nxe4 Nd7 5. Nf3 Ngf6 6. Bg5 Be7 7. Bxf6 Bxf6 8. Nxf6+ Nxf6 9. c3 0-0 10. Bd3 b6 11. Qe2 Bb7 12. 0-0-0 c5 13. dxc5 Qc7 14. Ne5 bxc5 15. Rhg1 Rab8 16. g4 Nd5 17. Qe4 g6 18. Qe2 Nf4 19. Qe3 Nxd3+ 20. Nxd3 Bd5 21. Qxc5 Qb7 22. Qb4 Qa6 23. Qa3 Qc4 24. Nb4 Rxb4 25. Qxb4 Qxa2 26. Qa3 Qc4 27. Rd4 Qe2 28. Rd2 Qf3 29. Qc5 Rb8 30. Qe3 Qf6 31. Qxa7 Rb7 32. Qd4 Qe7 33. Kd1 Qg5 34. f4 Qh4 35. Rf2 Rd7 36. Ke2 Bc6 37. Qe3 Bb5+ 38. Ke1 Bc4 39. Qg3 Qd8 40. Qf3 Rd1+ 41. Qxd1 Qa8 42. Qd2 Qa1+ 43. Qd1 Qa6 44. Rd2 Qc6 45. Rd8+ Kg7 46. Qd4+ Kh6 47. g5+ Kh5 48. Qd1+ Be2 49. Qxe2+ Kh4 50. Qg4# 1-0

[Event "Titled Tuesday intern op 06th Feb Late"]
[Site "Chess.com INT"]
[Date "2024.02.06"]
[Round "8"]
[White "Przybylski, Wojciech"]
[Black "Kornyukov, Alexey"]
[Result "1-0"]
[WhiteElo "2308"]
[BlackElo "2452"]
[PlyCount "93"]
[EventDate "2024.02.06"]
[EventType "swiss (blitz)"]
[EventRounds "11"]
[EventCountry "USA"]
[SourceTitle "CB07_2024"]
[SourceDate "2024.02.14"]
[SourceVersion "1"]
[SourceVersionDate "2024.02.14"]
[SourceQuality "1"]

1. e4 c5 2. Nf3 Nc6 3. d4 cxd4 4. Nxd4 Nf6 5. Nc3 e5 6. Ndb5 d6 7. Bg5 a6 8. Na3 b5 9. Nd5 Be7 10. Bxf6 Bxf6 11. c3 0-0 12. Nc2 Bg5 13. a4 bxa4 14. Rxa4 a5 15. Bc4 Rb8 16. b3 Kh8 17. h4 Bh6 18. Nce3 Bxe3 19. Nxe3 Ne7 20. h5 h6 21. Ra2 Bb7 22. Nd5 Nxd5 23. exd5 Qg5 24. 0-0 Bc8 25. Rxa5 Bg4 26. Qc1 Qxh5 27. Ra6 Rfd8 28. Qe3 Bd1 29. b4 Rbc8 30. Rc6 Ba4 31. b5 f5 32. Be2 Qh4 33. c4 e4 34. Qg3 Qf6 35. Qa3 Ra8 36. Qa1 Qg5 37. Qd4 Bc2 38. b6 f4 39. f3 e3 40. b7 Rab8 41. Qb6 Bf5 42. Re1 Bh3 43. Bf1 Qg3 44. Re2 Bf5 45. Rxd6 Rg8 46. Qd4 Rxb7 47. Rxh6+ 1-0

[Event "Titled Tuesday intern op 06th Feb Early"]
[Site "Chess.com INT"]
[Date "2024.02.06"]
[Round "8"]
[White "Weldegebriel Beraki, Kibrom"]
[Black "Kornyukov, Alexey"]
[Result "0-1"]
[WhiteElo "1808"]
[BlackElo "2452"]
[PlyCount "61"]
[EventDate "2024.02.06"]
[EventType "swiss (blitz)"]
[EventRounds "11"]
[EventCountry "USA"]
[SourceTitle "CB07_2024"]
[SourceDate "2024.02.14"]
[SourceVersion "1"]
[SourceVersionDate "2024.02.14"]
[SourceQuality "1"]

1. d4 d5 2. c4 e6 3. Nc3 Be7 4. Nf3 Nf6 5. Bf4 0-0 6. e3 c5 7. cxd5 Nxd5 8. Nxd5 exd5 9. dxc5 Bxc5 10. Be2 Bb4+ 11. Kf1 Nc6 12. a3 Be7 13. h3 Be6 14. Rc1 Rc8 15. Bd3 Bf6 16. Qd2 Qb6 17. b4 a5 18. Bd6 Rfd8 19. Bc5 Qc7 20. b5 Nb8 21. a4 b6 22. Ba3 Qb7 23. Ke2 Nd7 24. Rhd1 Nc5 25. Bc2 d4 26. Kf1 d3 27. Bb1 Nb3 28. Qe1 Nxc1 29. Bxc1 Bb3 30. Rxd3 Bc4 31. Kg1 0-1

[Event "Titled Tuesday intern op 23rd Jan Late"]
[Site "Chess.com INT"]
[Date "2024.01.23"]
[Round "10"]
[White "Kornyukov, Alexey"]
[Black "Loebler, Heimo"]
[Result "1-0"]
[WhiteElo "2452"]
[BlackElo "2083"]
[PlyCount "67"]
[EventDate "2024.01.23"]
[EventType "swiss (blitz)"]
[EventRounds "11"]
[EventCountry "USA"]
[SourceTitle "CB05_2024"]
[SourceDate "2024.01.31"]
[SourceVersion "1"]
[SourceVersionDate "2024.01.31"]
[SourceQuality "1"]

1. d4 Nf6 2. c4 g6 3. f3 Bg7 4. e4 d6 5. Nc3 0-0 6. Bg5 Qe8 7. Qd2 e5 8. d5 Na6 9. Bd3 Nh5 10. Nge2 f5 11. exf5 gxf5 12. 0-0-0 Nc5 13. Bc2 a6 14. Rde1 Bd7 15. h3 b5 16. g4 Nf6 17. gxf5 bxc4 18. Rhg1 Kh8 19. Ng3 Qf7 20. Bh6 Bxh6 21. Qxh6 Rg8 22. Nge4 Nfxe4 23. fxe4 Rab8 24. Kb1 Bb5 25. h4 Nd3 26. Bxd3 cxd3 27. Rd1 Bc4 28. Qe3 Rxg1 29. Rxg1 Qd7 30. Qg5 Qf7 31. Kc1 a5 32. Kd2 a4 33. Kc1 a3 34. bxa3 1-0

[Event "Titled Tuesday intern op 23rd Jan Late"]
[Site "Chess.com INT"]
[Date "2024.01.23"]
[Round "9"]
[White "Quirke, Jeffrey"]
[Black "Kornyukov, Alexey"]
[Result "1-0"]
[WhiteElo "1986"]
[BlackElo "2452"]
[PlyCount "87"]
[EventDate "2024.01.23"]
[EventType "swiss (blitz)"]
[EventRounds "11"]
[EventCountry "USA"]
[SourceTitle "CB05_2024"]
[SourceDate "2024.01.31"]
[SourceVersion "1"]
[SourceVersionDate "2024.01.31"]
[SourceQuality "1"]

1. e4 c5 2. c3 Nf6 3. e5 Nd5 4. Nf3 Nc6 5. Bc4 Nb6 6. Bb3 d5 7. exd6 Qxd6 8. 0-0 c4 9. Bc2 Bg4 10. Re1 0-0-0 11. h3 Bh5 12. a4 Qf6 13. a5 Nd5 14. a6 b6 15. Na3 Nf4 16. Re3 Na5 17. Nb5 Kb8 18. d4 cxd3 19. Bxd3 e6 20. Nbd4 Bc5 21. Rxa5 bxa5 22. Qb3+ Bb6 23. Nc6+ Kc7 24. Nxd8 Rxd8 25. Bf1 Nd5 26. Rd3 Bg6 27. Rd1 Be4 28. Nd4 Ne7 29. Be3 Qe5 30. Nb5+ Kc8 31. Rxd8+ Bxd8 32. Nxa7+ Kd7 33. Bb5+ Bc6 34. Nxc6 Nxc6 35. a7 Qd6 36. a8Q Bc7 37. Qb7 Qh2+ 38. Kf1 Qh1+ 39. Ke2 Ke7 40. Qxc6 Kf6 41. Qxc7 Qb1 42. Qf4+ Kg6 43. Qg4+ Kf6 44. Qg5# 1-0

[Event "Titled Tuesday intern op 23rd Jan Late"]
[Site "Chess.com INT"]
[Date "2024.01.23"]
[Round "1"]
[White "Zhurbinsky, David J"]
[Black "Kornyukov, Alexey"]
[Result "1-0"]
[WhiteElo "2098"]
[BlackElo "2452"]
[PlyCount "47"]
[EventDate "2024.01.23"]
[EventType "swiss (blitz)"]
[EventRounds "11"]
[EventCountry "USA"]
[SourceTitle "CB05_2024"]
[SourceDate "2024.01.31"]
[SourceVersion "1"]
[SourceVersionDate "2024.01.31"]
[SourceQuality "1"]

1. e4 c5 2. Nf3 Nc6 3. c3 Nf6 4. e5 Nd5 5. d4 cxd4 6. cxd4 d6 7. Bc4 dxe5 8. dxe5 Ndb4 9. Qb3 e6 10. Bg5 Qb6 11. Nc3 Na5 12. Bb5+ Nbc6 13. Qc2 a6 14. Ba4 Bc5 15. 0-0 0-0 16. Ne4 Bd4 17. Nf6+ gxf6 18. Bxf6 Nxe5 19. Nxe5 Bxe5 20. Bxe5 f6 21. Bc3 Nc6 22. Qe4 Bd7 23. Bc2 Rf7 24. Bxf6 1-0

[Event "Titled Tuesday intern op 16th Jan Early"]
[Site "Chess.com INT"]
[Date "2024.01.16"]
[Round "10"]
[White "Kornyukov, Alexey"]
[Black "Chemin, Vitorio"]
[Result "0-1"]
[WhiteElo "2452"]
[BlackElo "2131"]
[PlyCount "90"]
[EventDate "2024.01.16"]
[EventType "swiss (blitz)"]
[EventRounds "11"]
[EventCountry "USA"]
[SourceTitle "CB04_2024"]
[SourceDate "2023.10.16"]
[SourceVersion "1"]
[SourceVersionDate "2023.10.16"]
[SourceQuality "1"]

1. d4 Nf6 2. Nc3 d6 3. e4 Nbd7 4. Nf3 e5 5. d5 Be7 6. Bg5 Nxd5 7. Nxd5 Bxg5 8. Nxg5 c6 9. Ne3 Qxg5 10. Qxd6 Nf6 11. 0-0-0 Be6 12. h4 Qf4 13. Bd3 Qxf2 14. Nf5 Bxf5 15. exf5 Rd8 16. Qxe5+ Kf8 17. Bc4 Re8 18. Qd6+ Kg8 19. Qc7 Qe3+ 20. Kb1 Qe7 21. Qxe7 Rxe7 22. Rd8+ Re8 23. Rxe8+ Nxe8 24. Re1 Kf8 25. Rd1 Ke7 26. g4 Nd6 27. Bb3 Rd8 28. Re1+ Kf8 29. a3 a5 30. c4 b5 31. c5 Nb7 32. Re5 Rd3 33. Bc2 Rd4 34. Be4 f6 35. Bxc6 fxe5 36. Bxb7 e4 37. c6 e3 38. c7 Rc4 39. Bf3 Rxc7 40. b3 b4 41. a4 Ke7 42. Kb2 Kd6 43. g5 Ke5 44. Bg4 Kf4 45. Be2 Kxf5 0-1

[Event "Titled Tuesday intern op 16th Jan Late"]
[Site "Chess.com INT"]
[Date "2024.01.16"]
[Round "10"]
[White "Kornyukov, Alexey"]
[Black "Cruz, William Ferreira Da"]
[Result "1-0"]
[WhiteElo "2452"]
[BlackElo "2216"]
[PlyCount "91"]
[EventDate "2024.01.16"]
[EventType "swiss (blitz)"]
[EventRounds "11"]
[EventCountry "USA"]
[SourceTitle "CB04_2024"]
[SourceDate "2023.10.16"]
[SourceVersion "1"]
[SourceVersionDate "2023.10.16"]
[SourceQuality "1"]

1. d4 Nf6 2. c4 g6 3. f3 Bg7 4. e4 d6 5. Nc3 0-0 6. Bg5 c5 7. d5 h6 8. Be3 e6 9. Qd2 exd5 10. cxd5 Re8 11. a4 Nbd7 12. Nh3 Ne5 13. Nf2 h5 14. h3 a6 15. Be2 Rb8 16. 0-0 b5 17. axb5 axb5 18. Nxb5 Qb6 19. b4 Bd7 20. bxc5 dxc5 21. Rab1 Rec8 22. f4 Neg4 23. hxg4 hxg4 24. g3 Nh5 25. Kh2 f5 26. e5 Qd8 27. Nd6 Rxb1 28. Rxb1 Ra8 29. Bc4 g5 30. Nb7 Qe8 31. e6 Nxf4 32. gxf4 Qh5+ 33. Kg2 g3 34. Kxg3 Ra3 35. Rb3 Ra1 36. Kg2 gxf4 37. Bxf4 Bd4 38. Rg3+ Kh7 39. Rh3 Rg1+ 40. Kxg1 Qxh3 41. Qxd4 Qh4 42. Qe3 Be8 43. d6 Bc6 44. Qg3 Qh5 45. e7 Bxb7 46. Qg8# 1-0

[Event "Titled Tuesday intern op 16th Jan Early"]
[Site "Chess.com INT"]
[Date "2024.01.16"]
[Round "8"]
[White "Kornyukov, Alexey"]
[Black "Murthy, Pappu LN"]
[Result "1-0"]
[WhiteElo "2452"]
[BlackElo "1821"]
[PlyCount "66"]
[EventDate "2024.01.16"]
[EventType "swiss (blitz)"]
[EventRounds "11"]
[EventCountry "USA"]
[SourceTitle "CB04_2024"]
[SourceDate "2023.10.16"]
[SourceVersion "1"]
[SourceVersionDate "2023.10.16"]
[SourceQuality "1"]

1. d4 Nf6 2. Nc3 d5 3. Bg5 c5 4. dxc5 e6 5. Nf3 Bxc5 6. e4 d4 7. e5 h6 8. exf6 hxg5 9. Ne4 Bf8 10. Qxd4 Qxd4 11. Nxd4 gxf6 12. Nxf6+ Ke7 13. Ne4 a6 14. Nxg5 Bg7 15. Ngf3 Bd7 16. 0-0-0 Nc6 17. c3 Rac8 18. Kb1 e5 19. Nxc6+ Bxc6 20. Re1 Bxf3 21. gxf3 Rcd8 22. h4 Rd2 23. Rh2 Bf6 24. h5 Rhd8 25. Bh3 Rd1+ 26. Rxd1 Rxd1+ 27. Kc2 Rg1 28. h6 Kf8 29. Bf5 Kg8 30. h7+ Kh8 31. Be4 b6 32. Rh6 Bg7 33. Rxb6 Rg2 1-0

[Event "Titled Tuesday intern op 16th Jan Late"]
[Site "Chess.com INT"]
[Date "2024.01.16"]
[Round "11"]
[White "Kornyukov, Alexey"]
[Black "Romanchuk, Viktor"]
[Result "1/2-1/2"]
[WhiteElo "2452"]
[BlackElo "2266"]
[PlyCount "77"]
[EventDate "2024.01.16"]
[EventType "swiss (blitz)"]
[EventRounds "11"]
[EventCountry "USA"]
[SourceTitle "CB04_2024"]
[SourceDate "2023.10.16"]
[SourceVersion "1"]
[SourceVersionDate "2023.10.16"]
[SourceQuality "1"]

1. d4 d5 2. c4 c6 3. Nf3 Nf6 4. e3 e6 5. Nbd2 Nbd7 6. Bd3 Be7 7. 0-0 0-0 8. e4 dxe4 9. Nxe4 c5 10. Nxf6+ Nxf6 11. Be3 Qc7 12. Qe2 b6 13. dxc5 Bxc5 14. Bxc5 Qxc5 15. Ne5 Bb7 16. a3 a5 17. Rad1 Rad8 18. Qe3 Rfe8 19. Bc2 Kf8 20. h3 h6 21. Rfe1 Qxe3 22. fxe3 Ke7 23. Ba4 Rxd1 24. Rxd1 Rc8 25. b3 Rc7 26. Rd4 Ne4 27. Bb5 Nc3 28. Kf2 Nxb5 29. cxb5 Bd5 30. Nc4 Bxc4 31. bxc4 e5 32. Rd5 Ke6 33. Rd8 Rxc4 34. Rb8 Ra4 35. Rxb6+ Ke7 36. Rb7+ Ke6 37. Rb6+ Ke7 38. Rb7+ Ke6 39. Rb6+ 1/2-1/2

[Event "Titled Tuesday intern op 16th Jan Late"]
[Site "Chess.com INT"]
[Date "2024.01.16"]
[Round "1"]
[White "Pham, Le Thao Nguyen"]
[Black "Kornyukov, Alexey"]
[Result "1-0"]
[WhiteElo "2395"]
[BlackElo "2452"]
[PlyCount "99"]
[EventDate "2024.01.16"]
[EventType "swiss (blitz)"]
[EventRounds "11"]
[EventCountry "USA"]
[SourceTitle "CB04_2024"]
[SourceDate "2023.10.16"]
[SourceVersion "1"]
[SourceVersionDate "2023.10.16"]
[SourceQuality "1"]

1. d4 d5 2. c4 e6 3. Nc3 c6 4. Qd3 dxc4 5. Qxc4 b5 6. Qd3 Ba6 7. Qd1 b4 8. Na4 Nf6 9. Nf3 Nbd7 10. Bg5 Qa5 11. b3 c5 12. Bxf6 Nxf6 13. e3 Bxf1 14. Kxf1 Rd8 15. Qc2 Qb5+ 16. Kg1 cxd4 17. Nxd4 Qb7 18. Rc1 Bd6 19. Qc6+ Qxc6 20. Nxc6 Rd7 21. f3 0-0 22. Kf2 Nd5 23. Rhd1 f5 24. g3 Rc8 25. Rc4 Rdc7 26. Na5 Be7 27. Rxc7 Rxc7 28. Nc4 Kf7 29. Rd2 Bf6 30. e4 fxe4 31. fxe4 Nc3 32. Nxc3 bxc3 33. Rc2 Bd4+ 34. Ke2 e5 35. Kd3 Ke6 36. Ne3 Rf7 37. Nd5 Rf3+ 38. Kc4 Rf1 39. a4 g5 40. Nxc3 Bxc3 41. Rxc3 Re1 42. Kb5 Rxe4 43. Rc6+ Kd5 44. Rh6 Re3 45. b4 Rb3 46. Rxh7 e4 47. Rxa7 e3 48. Re7 Kd4 49. a5 Ra3 50. a6 1-0

[Event "Titled Tuesday intern op 09th Jan Early"]
[Site "Chess.com INT"]
[Date "2024.01.09"]
[Round "5"]
[White "Goncalves, Samuel Jesus P"]
[Black "Kornyukov, Alexey"]
[Result "1-0"]
[WhiteElo "2208"]
[BlackElo "2452"]
[PlyCount "127"]
[EventDate "2024.01.09"]
[EventType "swiss (blitz)"]
[EventRounds "11"]
[EventCountry "USA"]
[SourceTitle "CB03_2024"]
[SourceDate "2024.01.17"]
[SourceVersion "1"]
[SourceVersionDate "2024.01.17"]
[SourceQuality "1"]

1. Nf3 d5 2. g3 Nf6 3. Bg2 Nc6 4. d4 e6 5. 0-0 Bd6 6. c4 dxc4 7. Nbd2 0-0 8. Nxc4 Be7 9. Bf4 Nd5 10. Bd2 Nb6 11. Nxb6 axb6 12. Bc3 Bf6 13. e3 Qe7 14. Qe2 Bd7 15. Rfd1 Rfd8 16. a3 Na5 17. e4 g6 18. e5 Bg7 19. d5 exd5 20. Rxd5 Bc6 21. Rxd8+ Rxd8 22. Re1 Nb3 23. h4 Nc5 24. Ng5 Bxg2 25. Kxg2 h6 26. Ne4 Nd3 27. Nf6+ Bxf6 28. exf6 Qxe2 29. Rxe2 Nc5 30. Re7 Ne6 31. f4 Rd1 32. Kf3 Kf8 33. Ke2 Rg1 34. Kf2 Rd1 35. h5 gxh5 36. f5 Nc5 37. Rxc7 Ke8 38. Re7+ Kf8 39. Bb4 Nd3+ 40. Ke2 Nxb4 41. Kxd1 Nd5 42. Rxb7 Nxf6 43. Rxb6 Ne4 44. Rxh6 Nxg3 45. a4 Kg7 46. Rd6 h4 47. Rd3 Kf6 48. a5 Kxf5 49. a6 Ne4 50. a7 Nf2+ 51. Kc2 Nxd3 52. Kxd3 Kg4 53. a8Q f5 54. b4 h3 55. Qg8+ Kf3 56. Qh7 Kg2 57. Qxf5 h2 58. Qg4+ Kh1 59. Qh3 Kg1 60. Qxh2+ Kxh2 61. b5 Kg3 62. b6 Kf4 63. b7 Ke5 64. b8Q+ 1-0

[Event "Titled Tuesday intern op 19th Dec Early"]
[Site "Chess.com INT"]
[Date "2023.12.19"]
[Round "3"]
[White "Kochiev, Ivan"]
[Black "Kornyukov, Alexey"]
[Result "1-0"]
[WhiteElo "2051"]
[BlackElo "2452"]
[PlyCount "83"]
[EventDate "2023.12.19"]
[EventType "swiss (blitz)"]
[EventRounds "11"]
[EventCountry "USA"]
[SourceTitle "CB52_2023"]
[SourceDate "2023.12.27"]
[SourceVersion "1"]
[SourceVersionDate "2023.12.27"]
[SourceQuality "1"]

1. e4 c5 2. Nf3 Nc6 3. d4 cxd4 4. Nxd4 e5 5. Nb5 a6 6. Nd6+ Bxd6 7. Qxd6 Qe7 8. Qxe7+ Ngxe7 9. c3 0-0 10. Bd3 d5 11. 0-0 dxe4 12. Bxe4 f5 13. Bc2 Be6 14. Be3 Nd5 15. Bc5 Rfd8 16. Rd1 b6 17. Ba3 e4 18. Nd2 Ne5 19. Nb3 Bf7 20. Nd4 g6 21. Bb3 Rac8 22. Rd2 Nc4 23. Bxc4 Rxc4 24. g3 e3 25. fxe3 Nxe3 26. Re1 Ng4 27. Red1 Ne3 28. Nxf5 Rxd2 29. Ne7+ Kf8 30. Rxd2 Kg7 31. Bd6 Rc6 32. Nxc6 Nf5 33. Be5+ Kh6 34. Bf4+ Kh5 35. Ne5 Bxa2 36. g4+ Kh4 37. gxf5 gxf5 38. Rd3 Bg8 39. Rg3 Be6 40. Rg5 h6 41. Nf3+ Kh3 42. Rg3# 1-0